000 00876cam a2200289 4500
001 405945
003 GBCCL
005 20241126110359.0
008 710414s1970 enk b 001 0 eng
010 _a 79549128
015 _aB70-15871
040 _aDLC
_cDLC
_dDLC
050 0 0 _aBR127
_b.N37 1970
082 0 0 _a261.2
_bNEI
100 1 _aNeill, Stephen,
_d1900-1984.
_92663
245 1 0 _aChristian faith and other faiths:
_bthe Christian dialogue with other religions
_c[by] Stephen Neill.
250 _a1st Indian ed.
260 _aLucknow :
_bLucknow publishing house,
_c1966
300 _a241 p.
_c21 cm.
350 _a15/-
490 0 _aOxford paperbacks, 196
504 _aBibliography: p. 235-239.
650 0 _aChristianity and other religions.
_912
650 0 _aReligions.
_9261
906 _a7
_bcbc
_corignew
_d3
_encip
_f19
_gy-gencatlg
942 _2ddc
_cBK
_02
999 _c1351
_d1351